Statistics for Vince Carter NBA All Star Teammates

Click here to take the quiz!

General Stats

  • This quiz has been taken 151 times
    (120 since last reset)
  • The average score is 12 of 26

Answer Stats

ASPlayerTeamLast% Correct
14Dirk NowitzkiMavericks2019
97%
10Jason KiddNets, Mavericks2010
93%
8Steve NashSuns2012
88%
7Tracy McGradyRaptors2007
87%
8Dwight HowardMagic2014
84%
3Marc GasolGrizzlies2017
81%
2Trae YoungHawks2022
76%
11Chris BoshRaptors2016
71%
2Zach RandolphGrizzlies, Kings2013
58%
1Mike ConleyGrizzlies2021
56%
4Shawn MarionMavericks2007
52%
12Hakeem OlajuwonRaptors1997
48%
1Jameer NelsonMagic2009
38%
1Antonio DavisRaptors2001
36%
7Grant HillSuns2005
35%
1Brook LopezNets2013
32%
2Rashard LewisMagic2009
32%
1Mark JacksonRaptors1989
26%
1Charles OakleyRaptors1994
22%
1Devin HarrisNets, Mavericks2009
20%
1Goran DragicSuns2018
17%
1Kevin WillisRaptors1992
12%
1Clifford RobinsonNets1994
6%
1Jamaal MagloireNets2004
3%
1Chris KamanMavericks2010
1%
2Elton BrandMavericks2006
1%

Score Distribution

Percentile by Number Answered

Percent of People with Each Score

Your Score History

You have not taken this quiz since the last reset